00488nam a2200133Ia 4500008004100000082001500041100006900056245004600125260003900171300001200210942000700222999001900229952010600248191014s9999 xx 000 0 und d a361.6bMOO aAlexander M. Mood, Franklin A. Graybill and Duane C. Boes923936 0aIntroduction to the Theory of Statistics  aPakistanbNational Books Fundation aXvi,564 cBK c531068d531068 00104070aSNSbSNSd2019-10-15eDonationg0.00l0o361.6MOOpSNS0002845r2024-01-31w2019-10-15yBK